| 000 | 00483 a2200193 4500 | ||
|---|---|---|---|
| 005 | 20260210101535.0 | ||
| 008 | 260209b |||||||| |||| 00| 0 eng d | ||
| 020 |
_a9788119684304 _cRs. 1950.00 |
||
| 040 | _aMAIN | ||
| 082 |
_a547 _bS23E |
||
| 100 | _aKant, Ravi | ||
| 245 | _aEssentials of organic chemistry | ||
| 260 |
_bBook Enclave _c2025 _aJaipur |
||
| 300 | _avii, 263 | ||
| 650 | _aChemistry | ||
| 650 | _aOrganic Chemistry | ||
| 700 | _aSharma Dinesh | ||
| 942 | _cBK | ||
| 999 |
_c394466 _d394466 |
||